000 00522nam a2200181Ia 4500
001 24591
005 20260414151053.0
008 260414t2017||||xx |||||||||||||| ||spa||
041 _aESP
082 _a345.721
_bB141 V. 36
110 _aEstudio Mario Castillo Freyre
_eAUT
245 0 _aArbitraje :
_bactas del Segundo Congreso Internacional de Arbitraje de la Asociación Zambrano - Cusco 2014
260 _c2017
300 _a194 pƔginas :
_c24 cm.
650 _aDER
654 _aCDE
942 _cLIB
_dJUS
_fJUS
_2ddc
_n
999 _c24591
_d24591